| 000 | 00947nam a2200217Ii 4500 | ||
|---|---|---|---|
| 003 | JO-AjNU | ||
| 008 | 230605s9999||||xx |||||||||||||| ||und|| | ||
| 020 | _a978-614-419-078-4 | ||
| 040 |
_aJO-AjNU _bara _erda _cJO-AjNU |
||
| 041 | _aara | ||
| 050 | 1 | 4 | _aPJ8062 2012 |
| 100 | 3 |
_aإعداد وتقديم ومشاركة الشمالي، نضال ؛ وآخرون , _eauthor _949420 |
|
| 245 | 0 | 0 | _aقضايا في الرواية الأردنية ودراسات في خطاب الأستاذ الدكتور نبيل حداد في نقد الرواية |
| 250 | _aط1 | ||
| 264 | 3 | 1 | _aبيروت: المؤسسة العربية للدراسات والنشر، 2012 ؛ عمان: دار الفارس للنشر، 2012 |
| 300 | _a242ص | ||
| 336 |
_atext _btxt _2rdacontent |
||
| 337 |
_aunmediated _bn _2rdamedia |
||
| 338 |
_avolume _bnc _2rdacarrier |
||
| 650 | 4 |
_aالأدب العربي - روايات - تاريخ ونقد - الأردن _949421 |
|
| 999 |
_aA21705 _c25273 _d25273 |
||